00322nam a2200121Ia 4500008004100000041000800041082001700049100001800066245004400084260003400128300003100162365000700193240624s9999 xx 000 0 und d aeng a658.4058 BRO aBROWN DOUGLAS aBLACK BOOK OF OUTSOURCING HOW TO MANAGE c2010aNeew DelhibWiley India axiv, : 366 : p. : cm. ; 23 cRS